000 00704nam a2200181Ia 4500
003 GCL
008 140319s9999 xx 000 0 ara d
040 _aGCL /
_cGCL
082 0 4 _a219.1
_bم م
100 1 _aمحمد سلامة محمد عبادى
245 1 0 _aالمدخل الى الخدمة الاجتماعية الاسلامية لخدمة الفرد /
_cمحمد سلامة محمد عبادى
260 _a[S.N] :
_bالمكتب الجامعى الحديث ،
_c1985
300 _a391 ص
490 _aسلسلة كتب الخدمة الاجتماعية
_v0
650 0 4 _aالخدمة الاجتماعية
650 0 4 _aالاسلام والاصلاح الاجتماعى
942 _2ddc
_cBK
999 _c29456
_d29456